000 00499cam a22001934a 4500
005 20250605164153.0
008 250528s ||||||||||||||||||||||||d
035 _a19452
020 _a9607372204
040 _aGR-AtMCL
_bgre
_dGR-AtMCL
_eAACR2
245 1 _aΓΡΑΦΗ Η ΜΝΗΜΗ ΤΩΝ ΑΝΘΡΩΠΩΝ
250 _a2
260 _bΑνακαλυψεις Δεληθαναση,
_c1994
300 _a272
700 1 _aJean Georges
_95703
942 _cBK
999 _c4708
_d4708